000 00623nam a2200253Ia 4500
005 20260121154823.0
008 008 260114s9999 xx 000 0 eng d
020 _a9781003017004
037 _aEBOOK
040 _aCRL
040 _beng
040 _cCRL
041 _2eng
041 _aeng
084 _qCRL
100 _a Amy Price Azano; Carolyn M. Callahan
_91011909
245 0 _aGifted Education in Rural Schools
260 _bTaylor and Francis
260 _c2021
856 _uhttp://www.taylorfrancis.com/books/9781003017004
942 _cEBOOK
999 _c1578728
_d1578728